| 000 | 00591nam a2200217Ia 4500 | ||
|---|---|---|---|
| 003 | GCL | ||
| 008 | 140319s9999 xx 000 0 ara d | ||
| 040 |
_aGCL / _cGCL |
||
| 082 | 0 | 4 |
_a808.3 _bم ت |
| 100 | 1 | _aمارتن ايسلين | |
| 245 | 1 | 0 |
_aتشريح الدراما / _cمارتن ايسلين |
| 700 | 1 | _aاسامة منزلجى | |
| 260 |
_a[S.N] : _bدار الشروق ، _c1987 |
||
| 300 | _a138 ص | ||
| 490 | _a | ||
| 650 | 0 | 4 | _aالادب العربى |
| 650 | 0 | 4 | _aالحبكة الروائية |
| 650 | 0 | 4 | _aمسرحيات |
| 650 | 0 | 4 | _aنقد |
| 942 |
_2ddc _cBK |
||
| 999 |
_c55668 _d55668 |
||